Central Library OPAC University of Rajshahi

The merchant of Venice / (Record no. 22864)

MARC details
000 -LEADER
fixed length control field 00941nam a2200277 a 4500
001 - CONTROL NUMBER
control field 22864
003 - CONTROL NUMBER IDENTIFIER
rucl marc code BD-RjUL
005 - DATE AND TIME OF LATEST TRANSACTION
control field 20211209000849.0
008 - FIXED-LENGTH DATA ELEMENTS--GENERAL INFORMATION
fixed length control field 140309s1953 ctu b 000 0 eng
035 ## - SYSTEM CONTROL NUMBER
System control number (BD-RjUL)22929
System control number (BD-RjUL)22929
040 ## - CATALOGING SOURCE
Original cataloging agency DLC
Transcribing agency NJB
Modifying agency SER
-- BD-RjUL
Language of cataloging eng
041 ## - LANGUAGE CODE
Language code of text/sound track or separate title eng
082 ## - DEWEY DECIMAL CLASSIFICATION NUMBER
Classification number 822.33
Author mark and year WIS 1953
100 1# - MAIN ENTRY--PERSONAL NAME
Personal name Shakespeare, William,
Dates associated with a name 1564-1616.
9 (RLIN) 70496
245 14 - TITLE STATEMENT
Title The merchant of Venice /
Statement of responsibility, etc. edited by A. B. TAYLOR.
260 ## - PUBLICATION, DISTRIBUTION, ETC. (IMPRINT)
Place of publication, distribution, etc. New Haven :
Name of publisher, distributor, etc. Yale University Press,
Date of publication, distribution, etc. 1953.
300 ## - PHYSICAL DESCRIPTION
Pagination 159 p. :
Size 18 cm.
490 1# - SERIES STATEMENT
Series statement The Yale Shakespeare
500 ## - GENERAL NOTE
General note Series title also at head of t.-p
General note With reproduction of "the title-page of the Elizabethan Club copy of the genuine 1600 quarto of 'The merchant of Venice.'"
504 ## - BIBLIOGRAPHY, ETC. NOTE
Bibliography, etc "Suggestions for collateral reading": p. [114]
700 1# - ADDED ENTRY--PERSONAL NAME
Personal name TAYLOR A. B.
Fuller form of name A. B. TAYLOR.
942 ## - ADDED ENTRY ELEMENTS (KOHA)
Source of classification or shelving scheme Dewey Decimal Classification
Koha item type Books
Holdings
Lost status Source of classification or shelving scheme Damaged status Not for loan Collection code Permanent Location Current Location Shelving location Date acquired Source of acquisition Total Checkouts Full call number Date last seen Copy number Koha item type
  Dewey Decimal Classification   Added to bundle Fiction Central Library, University of Rajshahi Central Library, University of Rajshahi Reading Room 28/05/1966 Austalia   822.33 WIS 1953 09/03/2014 C-1 Books